[Event "GER-chT U12 Girls"]
[Site "Magdeburg"]
[Date "2023.12.27"]
[Round "1.8"]
[White "Winkler, Frida"]
[Black "Busch, Lara Sophie"]
[Result "1-0"]
[WhiteElo "1298"]
[BlackElo "1330"]
[PlyCount "107"]
[EventDate "2023.12.26"]
[EventType "team-swiss"]
[EventRounds "7"]
[EventCountry "GER"]
[SourceTitle "CB03_2024"]
[SourceDate "2024.01.17"]
[SourceVersion "1"]
[SourceVersionDate "2024.01.17"]
[SourceQuality "1"]
[WhiteTeam "Plauen Koenig"]
[BlackTeam "Blankenese"]
[WhiteTeamCountry "GER"]
[BlackTeamCountry "GER"]

1. e4 e5 2. Nf3 Nc6 3. Bc4 Bc5 4. 0-0 Nf6 5. d4 Bxd4 6. Nxd4 Nxd4 7. Bg5 h6 8. Bh4 b5 9. Bd3 a6 10. Nd2 Bb7 11. Nf3 Nxf3+ 12. Qxf3 g5 13. Bg3 d6 14. Rfe1 Qe7 15. c4 h5 16. h3 g4 17. Qf5 h4 18. Bh2 gxh3 19. Qxh3 bxc4 20. Bxc4 Nxe4 21. Qf3 Nc5 22. Bd5 Bxd5 23. Qxd5 Qd8 24. Rxe5+ dxe5 25. Qxe5+ Ne6 26. Qxh8+ Nf8 27. Re1+ Kd7 28. Rd1+ Ke7 29. Qxh4+ f6 30. Rxd8 Rxd8 31. Bxc7 Rd7 32. Bb6 Ne6 33. g4 Ng5 34. Qg3 Kf7 35. Be3 Ne4 36. Qf4 Ng5 37. Kg2 Kg7 38. Bd4 Rxd4 39. Qxd4 Nf7 40. Qa7 a5 41. Qxa5 Ne5 42. b4 Nxg4 43. b5 Ne5 44. b6 Kg6 45. b7 Nc6 46. Qc7 Nb4 47. b8Q Na6 48. Qg3+ Kf5 49. Qb5+ Nc5 50. Qxc5+ Ke6 51. Qgd6+ Kf7 52. Qh5+ Kg7 53. Qe7+ Kg8 54. Qhh7# 1-0